000 00622nam a22001697a 4500
005 20251108164942.0
008 250721s1977 xx 000 0 ara d
082 1 4 _a658/عزه
100 1 _aعبد المنعم، عزه صبحي
245 1 0 _aالتنظيم و تبسيط الإجراءات /
264 1 _aالقاهرة :
_bجامعة الدول العربية- المنظمة العربية للعلوم الأدارية - مركز البحوث الأدارية،
_c1977.
300 _a85ص : أشكال
650 1 7 _aالإدارة
650 1 7 _aتقنيات الإدارة
942 _2ddc
_cBK
999 _c18242
_d18242